| 000 | 02982 a2200433 4500 | ||
|---|---|---|---|
| 001 | 57014 | ||
| 005 | 20260407155833.0 | ||
| 008 | 260407a2021 arg spa d | ||
| 003 | AR-UNSa-BCEJYS | ||
| 040 |
_aAR-UNSa-BCEJYS _bspa _cAR-UNSa-BCEJYS |
||
| 080 |
_a347.56 _xResponsabilidad profesional |
||
| 245 | 1 | 0 | _aResponsabilidad del profesional en ciencias económicas |
| 020 | _a978-987-03-4155-0 | ||
| 264 | 1 |
_aBuenos Aires : _bLa Ley _c2021 |
|
| 300 |
_axxxiii, 594 p. _c24 cm. |
||
| 505 | _a1. La responsabilidad ética del profesional en Ciencias Económicas – 2. Responsabilidad social en relación con las Ciencias Económicas y la ética profesional – 3. La incumbencia del contador público con relación a la preparación de estados contables en la República Argentina – 4. Responsabilidad del contador público como auditor externo o sindico societario – 5. La responsabilidad del asesor fiscal – 6. La responsabilidad del contador en el sector público – 7. Responsabilidad del síndico en los concursos preventivos y las quiebras – 8. La responsabilidad del profesional de Ciencias Económicas en las tareas de tercerización – 9. La responsabilidad administrativa del profesional en Ciencias Económicas en el cumplimiento de las regulaciones en materia de prevención del lavado de activos y del financiamiento del terrorismo – 10. Responsabilidad civil del profesional contador – 11. Régimen penal tributario: responsabilidad de los profesionales en ciencias económicas – 12. Análisis de la autoría y participación en la hipótesis de responsabilidad penal de los contadores – 13. Responsabilidad de los profesionales en ciencias económicas en relación con los delitos de fraude, cohecho, abuso de autoridad e incumplimiento de los deberes de funcionario público – 14. Posverdades típicas y responsabilidad penal. Documentos e informes contables apócrifos y reticentes. Art. 300, inc. 2°, del código penal – 15. La denuncia obligatoria para escribanos y contadores en el nuevo código procesal penal federal – 16. El contador frente al delito de lavado de dinero | ||
| 041 | _aspa | ||
| 942 | _cBK | ||
| 590 | _aniveau_biblio:m niveau_hierar:0 | ||
| 100 | 1 | _aBertazza, Humberto J. | |
| 700 | 1 | _aBobbio, Gustavo H. | |
| 700 | 1 | _aCasanovas, Marcelo A. | |
| 700 | 1 | _aCasinelli, Hernán Pablo | |
| 700 | 1 | _aCurá, José María | |
| 700 | 1 | _aD´Albora, Francisco J. (h) | |
| 700 | 1 | _aDuro, César S. | |
| 700 | 1 | _aEscandell, José | |
| 700 | 1 | _aFrick, Pablo D. | |
| 700 | 1 | _aJaime, Rodrigo E. | |
| 700 | 1 | _aMarconi, Ana Clara | |
| 700 | 1 | _aMastandrea, Alberto F. | |
| 700 | 1 | _aNercellas, Marta | |
| 700 | 1 | _aRobiglio, Carolina L. | |
| 700 | 1 | _aSantesteban Hunter, Jorge H. | |
| 700 | 1 | _aSemachowicz, Esteban D. | |
| 700 | 1 | _aSerpa, José Luis | |
| 700 | 1 | _aTrídico, Sofía del Valle | |
| 856 | 4 | 1 |
_uhttps://biblioeco.unsa.edu.ar/pmb/images/libros/L128661.jpg _yImagen de portada _qimage/jpeg |
| 999 |
_c6102 _d6102 |
||